Name the 11 countries with a population 40 Million - 59.9 Million - Statistics

General Stats
  • This quiz has been taken 45 times
  • The average score is 8 of 11
Answer Stats
Hint Answer % Correct
8 South America Argentina
88%
6 South America Colombia
85%
5 Africa Kenya
80%
7 Europe Spain
78%
1 Africa South Africa
75%
2 Africa Tanzania
70%
9 Africa Algeria
68%
11 Africa Sudan
68%
4 Asia South Korea
63%
10 Europe Ukraine
63%
3 Asia Myanmar
43%
No matching quizzes found
Score Distribution
Percent of People with Each Score
Percentile by Number Answered
Your Score History
You have not taken this quiz